000 00702nam a2200241 4500
003 OSt
005 20260601171009.0
008 260504b2003\\\\nyua||||\||||\00|\0\eng\d
020 _a1584710314
040 _aICI
_bspa
_cICI
041 _aeng
050 1 _aNK2195.O4
_bC67 2003
245 0 _aCorporate interiors, no.5 /
_cedited by Roger Yee
264 _aNew York :
_bVisual Reference,
_cc2003
300 _a420 pƔginas :
_bilustraciones
336 _atexto
_2rdacontent
337 _asin medio
_2rdamedia
338 _avolumen
_2rdacarrier
650 4 _aDecoración de oficinas
650 4 _aArquitectura interior de oficina
_932744
700 1 _aYee, Roger,
_eeditor
_932745
942 _2lcc
_cB
_n1
999 _c20406
_d20406